संतप्त / (Record no. 50211)

MARC details
000 -LEADER
fixed length control field 01023nam a22002777a 4500
005 - DATE AND TIME OF LATEST TRANSACTION
control field 20110127111440.0
008 - FIXED-LENGTH DATA ELEMENTS--GENERAL INFORMATION
fixed length control field 110127t xxu||||| |||| 00| 0 hin d
010 ## - LCCN (DPL NO)
LC control number HIN-91679
020 ## - INTERNATIONAL STANDARD BOOK NUMBER
Terms of availability 75.00
035 ## - SYSTEM CONTROL NUMBER
System control number HN-64025
037 ## - SOURCE OF ACQUISITION
Source of stock number/acquisition DBAD / PUB
040 ## - CATALOGING SOURCE
Original cataloging agency DPL
Language of cataloging HN
082 ## - DEWEY DECIMAL CLASSIFICATION NUMBER
Classification number 921
100 ## - MAIN ENTRY--PERSONAL NAME
9 (RLIN) 25632
Personal name चौहान, सूरजपाल
245 ## - TITLE STATEMENT
Title संतप्त /
Statement of responsibility, etc सूरजपाल चौहान
246 ## - VARYING FORM OF TITLE
Title proper/short title Santapt
Remainder of title by Surajpal Chauhan
260 ## - PUBLICATION, DISTRIBUTION, ETC. (IMPRINT)
Place of publication, distribution, etc नई दिल्ली
Name of publisher, distributor, etc वाणी प्रकाशन
Date of publication, distribution, etc 2006
270 ## - ADDRESS
Address 21-ए, दरियागंज
City नई दिल्ली
Postal code 110002
300 ## - PHYSICAL DESCRIPTION
Extent 160पृ.
Dimensions 22सेमी (अजिल्द)
650 ## - SUBJECT ADDED ENTRY--TOPICAL TERM
9 (RLIN) 657
Topical term or geographic name as entry element आत्मकथा
Topical term following geographic name as entry element Non fiction
650 ## - SUBJECT ADDED ENTRY--TOPICAL TERM
9 (RLIN) 25656
700 ## - ADDED ENTRY--PERSONAL NAME
9 (RLIN) 25634
700 ## - ADDED ENTRY--PERSONAL NAME
9 (RLIN) 25670
942 ## - ADDED ENTRY ELEMENTS (KOHA)
Source of classification or shelving scheme Dewey Decimal Classification
Item type Hindi Books
Classification part 921
Call number suffix चौहान
Holdings
Withdrawn status Lost status Source of classification or shelving scheme Damaged status Not for loan Collection code Home library Current library Date acquired Source of acquisition Cost, normal purchase price Total Checkouts Full call number Barcode Date last seen Copy number Cost, replacement price Koha item type
    Dewey Decimal Classification   Not For Loan Non-fiction D.B.Act.Division D.B.Act.Division 28/01/2011 DBAD /PUB 75.00   921 चौहान HN-64025 28/01/2011 1 75.00 Hindi Books

© Delhi Public Library
Hit Counter
free hit counter